000 00772nam a2200241Ia 4500
003 OSt
005 20220923225431.0
006 a|||||r|||| 00| 0
007 ta
008 220922b |||||||| |||| 00| 0 san d
024 _a268,070
037 _cTextual
040 _aARTS
_cARTS
_bsan
041 _2san
_asan
082 _aQ122:24, 15L5
245 0 _aनाचिकेतसम्
_b सभारतभाषं दार्शनिक
246 _aNāchiketasam: sabhāratabhāṣhan dārshanika
260 _aनेपाल
_b श्रीकृष्ण ग्रन्थमाला प्रकाशन
_c1975
300 _a182पृ0
_ccm.
650 _aधर्म
942 _hQ122:24, 15L5
_cTEXL
_2CC
999 _c378279
_d378279